000 00407nam a2200169Ia 4500
008 230524s9999 xx 000 0 und d
020 _a9780070142763
082 _a333.79
_bKHA
100 _aB H Khan
245 0 _aNon- Conventional Energy Resources
250 _a2ND
260 _aNEW DELHI
_bTMH
_c2010
300 _aXIII;455
500 _aQuantity Number: 90
650 _aElectrical
942 _cBK
999 _c47520
_d47520